| 000 | 00786nam a2200205Ia 4500 | ||
|---|---|---|---|
| 005 | 20241216011459.0 | ||
| 008 | 190429s9999||||xx |||||||||||||| ||und|| | ||
| 082 |
_a657.42 _bC74 |
||
| 100 | _aCONDOR ESPINOZA JUAN CARLOS, MARIN LEON ROSA MARIA | ||
| 245 | 0 | _aEL SISTEMA DE DETRACCIONES Y SU IMPACTO FINANCIERO EN LAS EMPRESAS CONSTRUCTORAS DE LA PROVINCIA DE PASCO 2013 | |
| 250 | _a0 | ||
| 260 |
_aCERRO DE PASCO-PERU _bUNDAC _c2015 |
||
| 300 |
_a115 pag. _c30 cm. |
||
| 341 | _h0 | ||
| 490 |
_v0 _a0 |
||
| 505 | _aPLANTEAMIENTO DEL PROBLEMA DE INVESTIGACION,MARCO TEORICOY CONCEPTUAL,METODOLOGIA Y TECNICAS DE INVESTIGACION,ANALISIS E INTERPRETACION DE RESULTADOS OBTENIDOS | ||
| 541 |
_aD _bCONDOR ESPINOZA JUAN C. _d20-Jul-16 _oSoles |
||
| 650 | _aContabilidad | ||
| 942 | _cTESIS | ||
| 999 |
_c43032 _d43032 |
||